| 000 | 00517nam a22001817a 4500 | ||
|---|---|---|---|
| 003 | BD-DhUL | ||
| 005 | 20180426120000.0 | ||
| 008 | 180426s1946 cau||||| |||| 00| 0 eng d | ||
| 040 |
_aBD-DhUL _cBD-DhUL |
||
| 082 |
_a883 _bCAF |
||
| 100 | 1 | _aCarpenter, Rhys. | |
| 245 | 0 | 0 |
_aFolk tale, fiction and saca in the Homeric epics / _cRhys Carpenter |
| 260 |
_aBerkeley : _bCalifornia Press, _c1962. |
||
| 300 |
_a198 p. : _bill. ; _c18 cm. |
||
| 500 | _aIncludes index. | ||
| 650 | 4 | _aGreek Drama | |
| 942 |
_2ddc _cBK |
||
| 999 |
_c240807 _d240807 |
||